Detalles MARC
| 000 -LÍDER |
| Campo fijo de descripción fija |
02492nam a2200433 i 4500 |
| 001 - NÚMERO DE CONTROL |
| Campo de control |
768714001 |
| 003 - IDENTIFICADOR DEL NÚMERO DE CONTROL |
| Campo de control |
CO-MdFUSB |
| 005 - FECHA Y HORA DE LA ULTIMA TRANSACCIÓN |
| control field |
20190502122830.0 |
| 007 - CAMPO FIJO DE DESCRIPCIÓN FIJA--INFORMACIÓN GENERAL |
| Campo fijo de descripción fija |
ta |
| 008 - ELEMENTOS DE LONGITUD FIJA -- INFORMACIÓN GENERAL |
| Campo fijo de descripción fija -- Información general |
190425t2005 ck d|||| |||| 00| 0 spa d |
| 020 ## - NÚMERO INTERNACIONAL NORMALIZADO PARA LIBROS |
| Número Internacional Normalizado del libro |
9588225388 |
| 040 ## - FUENTE DE CATALOGACIÓN |
| Agencia de catalogación original |
CO-MdFUSB |
| Idioma de catalogación |
spa |
| Agencia que realiza la transcripción |
CO-MdFUSB |
| Agencia que realiza la modificación |
CO-MdFUSBC |
| Convenciones de la descripción |
rda |
| 041 ## - CÓDIGO DE IDIOMA |
| Código de idioma para texto/pista de sonido o título separado |
spa |
| 082 ## - NÚMERO DE CLASIFICACIÓN DECIMAL DEWEY |
| Número de la edición del Dewey |
37 |
| Número de clasificación |
378.0986 |
| Clave de autor-Numero de item |
H117 |
| 245 ## - TÍTULO |
| Título del Material |
Hacia un sistema nacional de información de la educación superior. |
| Mención de responsabilidad, etc. |
/ Hernán Jaramillo Salazar ... [y otros tres autores] |
| 264 #1 - PRODUCCIÓN, PUBLICACIÓN, DISTRIBUCIÓN, MANUFACTURA, Y COPYRIGHT |
| Lugar de producción, publicación, distribución, manufactura |
Bogotá, Colombia : |
| Nombre del productor, publicador, distribuidor |
Centro Editorial Universidad del Rosario, |
| Fecha de producción, publicación, distribución, manufactura, o copyright |
[2005] |
| 264 #4 - PRODUCCIÓN, PUBLICACIÓN, DISTRIBUCIÓN, MANUFACTURA, Y COPYRIGHT |
| Fecha de producción, publicación, distribución, manufactura, o copyright |
© 2005 |
| 300 ## - DESCRIPCIÓN FÍSICA |
| Extensión |
396 páginas |
| Dimensiones |
; 24 cm |
| 336 ## - TIPO DE CONTENIDO |
| Fuente |
rdacontent |
| Término de tipo de contenido |
texto |
| Código de tipo de contenido |
txt |
| 337 ## - TIPO DE MEDIO |
| Fuente |
rdamedia |
| Nombre del tipo de medio |
sin mediación |
| Código del tipo de medio |
n |
| 338 ## - TIPO DE SOPORTE |
| Fuente |
rdacarrier |
| Nombre del tipo de soporte |
volumen |
| Código Tipo de soporte |
nc |
| 490 ## - MENCIÓN DE SERIE |
| Mención de serie |
Textos de Economía. |
| 504 ## - NOTA DE BIBLIOGRAFÍA, ETC. |
| Nota de bibliografía, etc |
Incluye bibliografía (páginas 35-36, 226-229, 286-289) |
| 505 ## - NOTA DE CONTENIDO |
| Información miscelánea |
CAPÍTULO 1: |
| Título |
Concepción general de un sistema Nacional de información de la educación superior. |
| Información miscelánea |
CAPÍTULO 2: |
| Título |
La estructura y los principios que rigen el nuevo sistema de información de la educación superior (SNIES) |
| Información miscelánea |
CAPÍTULO 3: |
| Título |
Criterios y estructura para la clasificación de los programas de la educación superior. |
| Información miscelánea |
CAPÍTULO 4: |
| Título |
El sistema nacional de información de la educación superior: Un modelo virtual. |
| Información miscelánea |
CAPÍTULO 5: |
| Título |
Construcción de un sistema de indicadores de las instituciones de educación superior. |
| Información miscelánea |
CAPÍTULO 6: |
| Título |
La construcción de un sistema de indicadores de las instituciones de educación superior. |
| Información miscelánea |
CAPÍTULO 7: |
| Título |
El módulo de investigaciones en el sistema nacional de información de la educación superior. |
| Información miscelánea |
CAPÍTULO 8: |
| Título |
El SNIES: formación académica y productividad académica de los docentes de las instituciones de la educación superior. |
| Información miscelánea |
CAPÍTULO 9: |
| Título |
Conclusiones y recomendaciones. |
| 563 ## - NOTA DE ENCUADERNACIÓN |
| Nota de encuadernación |
Rústico. |
| 650 #0 - ASIENTO SECUNDARIO DE MATERIA - TERMINO TEMÁTICO |
| 9 (RLIN) |
984 |
| Término temático o nombre geográfico como elemento de entrada |
Educación |
| 653 ## - TÉRMINO DE INDIZACIÓN - NO CONTROLADO |
| Término no controlado |
Educación Superior -- Colombia. |
| 700 ## - ASIENTO SECUNDARIO - NOMBRE PERSONAL |
| 9 (RLIN) |
1700 |
| Nombre personal |
Jaramillo Salazar, Hernán, |
| Responsabilidad |
autor |
| 700 ## - ASIENTO SECUNDARIO - NOMBRE PERSONAL |
| 9 (RLIN) |
1701 |
| Nombre personal |
Botero Vélez, Darío, |
| Responsabilidad |
autor |
| 700 ## - ASIENTO SECUNDARIO - NOMBRE PERSONAL |
| 9 (RLIN) |
1702 |
| Nombre personal |
Restrepo Abondano, José Manuel, |
| Responsabilidad |
autor |
| 700 ## - ASIENTO SECUNDARIO - NOMBRE PERSONAL |
| 9 (RLIN) |
1703 |
| Nombre personal |
Álvarez, Jorge Lucio, |
| Responsabilidad |
autor |
| 700 ## - ASIENTO SECUNDARIO - NOMBRE PERSONAL |
| 9 (RLIN) |
1704 |
| Nombre personal |
Acosta Navarro, Olga Lucía, |
| Responsabilidad |
autor |
| 700 ## - ASIENTO SECUNDARIO - NOMBRE PERSONAL |
| 9 (RLIN) |
1705 |
| Nombre personal |
Velez López de Mesa, Mauricio, |
| Responsabilidad |
autor |
| 700 ## - ASIENTO SECUNDARIO - NOMBRE PERSONAL |
| 9 (RLIN) |
1706 |
| Nombre personal |
Latorre Santos, Catalina, |
| Responsabilidad |
autor |
| 700 ## - ASIENTO SECUNDARIO - NOMBRE PERSONAL |
| 9 (RLIN) |
1707 |
| Nombre personal |
Ramírez Gómez, Manuel, |
| Responsabilidad |
autor |
| 700 ## - ASIENTO SECUNDARIO - NOMBRE PERSONAL |
| 9 (RLIN) |
1708 |
| Nombre personal |
Rey Ayala, Manuel, |
| Responsabilidad |
autor |
| 700 ## - ASIENTO SECUNDARIO - NOMBRE PERSONAL |
| 9 (RLIN) |
1709 |
| Nombre personal |
Pombo Rivera, Cristina, |
| Responsabilidad |
autor |
| 942 ## - TIPO DE MATERIAL (KOHA) |
| Tipo de Item KOHA |
Libros General |